000 00719nam a2200229 a 4500
001 000039059
003 DO-SdBNP
005 20220706095524.0
007 ta
008 130517s1999 d 000 0 spa d
040 _aDO-SdBNP
_bspa
_cBNPHU
082 4 _222
100 1 _aMadrigal, Luis E.
_921616
245 1 0 _aCurso de contabilidad para el tercer nivel :
_bteoría y practica preguntas y problemas /
_cLuis E. Madrigal, Damaso A. Toribio L., Víctor R. de la Rosa.
250 _a4a ed.
260 _a[s. l.] :
_bMaxy ,
_c1999.
300 _a3 v. :
_bgraf. ;
_c23 cm.
590 _aInventariado, 2022/BT
700 1 _aToribio L. Damaso A.
_921615
700 1 _aDe la Rosa, Víctor R.
_953727
942 _2ddc
_cLBS1
999 _c38549
_d38549